000 00824cam a22002414a 4500
001 13655029
005 20171215040734.0
008 040714s2005 caua b 001 0 eng
010 _a 2004056038
020 _a0805389342
040 _aDLC
_cDLC
_dDLC
041 _aeng
042 _apcc
080 _a520 BEN
082 0 0 _a520 BEN
_222
100 _a42
101 _aAST
245 0 4 _aThe essential cosmic perspective /
_cJeffrey Bennett ... [et al.].
504 _aIncludes bibliographical references and index.
906 _a7
_bcbc
_corignew
_d1
_eocip
_f20
_gy-gencatlg
942 _2ddc
_cBK
999 _c38967
_d38967